=LDR 00000nam 2200000 4500 =247 ##$$a =856 ##$$a =700 #$$a =650 #$$a Otonomi Daerah =520 #$$a Desentralisasi, demokratisasi, dan akuntabilitas pemerintahan daerah merupakan tiga kata kunci yang penting dalam implementasi otonomi daerah. Ketiganya memiliki hubungan yang tidak saling terpisahkan. Akuntabilitas atau pertanggungjawaban di dalam konteks politik merupakan suatu konsep yang melekat di dalam teori dan praktek demokrasi. Buku ini mengulas permasalahan di atas dari pengalaman empirik maupun teoretik. Pengalaman empirik dibahas oleh sejumlah narasumber yang terlibat secara langsung dalam praktek otonomi daerah. Sementara pandangan teoretik dikaji oleh sejumlah ilmuwan politik. =321 ##$$a =310 ##$$a =300 ##$$a xviii, 416 halaman $b ilus $c 21 cm $e =260 ##$$a Jakarta $b LIPI $c 2005 =001 $a INLIS000000000020952 =245 ##$$a Desentralisasi & Otonomi Daerah $b Desentralisasi, Demokratisasi & Akuntabilitas Pemerintahan Daerah $c =100 #$$a =084 ##$$a 352 DES =082 ##$$a 352 =035 ##$$a 0010-0626000046 =020 ##$$a 979 98014 1 9 =008 $a 260630################g##########0#ind## =005 $a 20260630145640